000 02485nam a2200277 a 4500
001 000015349
003 DO-SdBNP
005 20250501120733.0
008 100205s2008 dr ad 001 0 spa d
040 _aDO-SdBNP
_bspa
_cBNPHU
082 _a304.6021
_bR426d
110 1 _aRepública Dominicana
_bSecretaría de Estado de Economía, Planificación y Desarrollo
_bOficina Nacional de Estadísticas
_934689
245 1 0 _aRepública Dominicana :
_bestimaciones y proyecciones de población 1950-2050.
260 _aSanto Domingo :
_bONE,
_c2008.
300 _av. ;
_c28 cm.
500 _aLa biblioteca posee el v. 1, 2, 3
500 _aRevisión 2007
504 _aIncluye bibliografía
505 0 _aPresentación --
_aIntroducción --
_gv. 1
_tEstimación y proyección de los componentes demográficos, 1950-2050 --
_tConciliación censal y población base --
_tResultados de la estimación y proyección de la población --
_tResultados de las estimaciones y proyecciones --
_tAnexos
_gAnexo 1
_tFunciones de la tabla de mortalidad --
_gAnexo 2
_tRepública Dominicana. Tablas abreviadas de mortalidad estimadas en las fechas censales 1950, 1970, 1981, 1993 y 2002
_gAnexo 3
_tRepública Dominicana. Tablas abreviadas de mortalidad proyectadas en las fechas censales 2000-2050
_gAnexo 4
_tDefiniciones de algunos indicadores demográficos.
_gv. 2
_tPresentación --
_tIntroducción --
_tAspectos generales de las tablas de vida o tablas de mortalidad --
_tLas condiciones de la mortalidad en la segunda mitad del Siglo XX --
_tMortalidad de la población de 5 años y más de edad --
_tLos cambios en la sobremortalidad masculina por edad --
_tTablas de mortalidad --
_tLos cambios en la mortalidad reflejados en la esperanza de vida --
_tProyección de las tablas de mortalidad quinquenales 200-2050
_tCambios esperados en la mortalidad de la República Dominicana --
_tAnexos
_gAnexo 1
_tFunciones de la tabla de mortalidad --
_gAnexo 2
_tRepública Dominicana. Tablas abreviadas de mortalidad estimadas en las fechas censales 1950, 1970, 1981, 1993 y 2002
_gAnexo 3
_tRepública Dominicana. Tablas abreviadas de mortalidad proyectadas en las fechas censales 2000-2050
_gv. 3
_tMetodología --
590 _aInventariado, 2019/LP
650 0 _aDemografía
_945443
650 4 _aPrevisión demográfica
_zRepública Dominicana
_xEstadística vital
_934691
651 4 _aRepública Dominicana
_xPoblación
_91423
710 1 _aRepública Dominicana.
_bOficina Nacional de Estadística
_95775
942 _2ddc
_cLBS1
999 _c14914
_d14914